Migrácia občanov z krajín A8 do Veľkej Británie

Masová migrácia občanov z krajín označovaných ako krajiny A8 (Česko, Slovensko, Maďarsko, Poľsko, Litva, Lotyšsko, Estónsko, Slovinsko) do Veľkej Británie. Faktory, ktoré prispeli k migrácii občanov do Veľkej Británie. Príčiny tejto migrácie. Problémy migrantov. Dopady migrácie občanov z krajín A8 n...

Descrizione completa

Salvato in:
Dettagli Bibliografici
Autore principale: Billý, Ľubomír
Natura: Capitolo di libro
Lingua:slovacco
Soggetti:
Tags: Aggiungi Tag
Nessun Tag, puoi essere il primo ad aggiungerne!!

MARC

LEADER 00000nla$a2200000$$$4500
001 0125381
005 20240502083318.1
041 0 |a slo 
044 |a CZ 
245 1 0 |a Migrácia občanov z krajín A8 do Veľkej Británie  |c Ľubomír Billý 
520 |a Masová migrácia občanov z krajín označovaných ako krajiny A8 (Česko, Slovensko, Maďarsko, Poľsko, Litva, Lotyšsko, Estónsko, Slovinsko) do Veľkej Británie. Faktory, ktoré prispeli k migrácii občanov do Veľkej Británie. Príčiny tejto migrácie. Problémy migrantov. Dopady migrácie občanov z krajín A8 na Veľkú Britániu. 
610 2 0 |a pohyb síl pracovných medzinárodný 
610 2 0 |a migrácia 
610 2 0 |a trh práce 
610 2 0 |a práca 
610 2 0 |a kvalifikácia 
610 2 0 |a mzdy 
610 2 0 |a podmienky životné 
610 2 0 |a Európska únia 
610 2 0 |a Veľká Británia 
100 1 |a Billý, Ľubomír